[Event "Leitersdorf Region-ch"]
[Site "Leitersdorf"]
[Date "2013.01.02"]
[Round "1"]
[White "Manhardt, Thomas"]
[Black "Schrank, Manfred"]
[Result "1-0"]
[WhiteElo "2152"]
[BlackElo "1854"]
[PlyCount "25"]
[EventDate "2013.01.02"]
[EventType "swiss"]
[EventRounds "5"]
[EventCountry "AUT"]
[SourceTitle "CBM 152 Extra"]
[Source "ChessBase"]
[SourceDate "2013.02.25"]
[SourceVersion "1"]
[SourceVersionDate "2013.02.25"]
[SourceQuality "1"]

1. e4 e6 2. d4 d5 3. Nc3 Nf6 4. e5 Nfd7 5. f4 c5 6. Nf3 Nc6 7. Be3 Qb6 8. Qd2 cxd4 9. Nxd4 a6 10. Nxe6 d4 11. Nxd4 Nxd4 12. Bxd4 Qc6 13. 0-0-0 1-0

[Event "Graz-chA"]
[Site "Graz"]
[Date "2012.01.20"]
[Round "4"]
[White "Cojhter, Karl"]
[Black "Schrank, Manfred"]
[Result "1-0"]
[WhiteElo "2103"]
[BlackElo "1862"]
[PlyCount "29"]
[EventDate "2012.01.13"]
[EventType "swiss"]
[EventRounds "7"]
[EventCountry "AUT"]
[SourceTitle "EXT 2013"]
[Source "ChessBase"]
[SourceDate "2012.11.22"]
[SourceVersion "1"]
[SourceVersionDate "2012.11.22"]
[SourceQuality "1"]

1. Nf3 Nf6 2. c4 g6 3. Nc3 Bg7 4. g3 0-0 5. Bg2 c6 6. 0-0 d6 7. d3 Bg4 8. h3 Bd7 9. Bd2 Na6 10. Kh2 Nc7 11. b4 a5 12. bxa5 Rxa5 13. Rb1 Qc8 14. Nd5 Rxa2 15. Nxe7+ 1-0

[Event "Leitersdorf Region-ch"]
[Site "Leitersdorf"]
[Date "2012.01.04"]
[Round "2"]
[White "Schrank, Manfred"]
[Black "Schieder, Andreas"]
[Result "0-1"]
[WhiteElo "1862"]
[BlackElo "2160"]
[PlyCount "50"]
[EventDate "2012.01.03"]
[EventType "swiss"]
[EventRounds "5"]
[EventCountry "AUT"]
[SourceTitle "EXT 2013"]
[Source "ChessBase"]
[SourceDate "2012.11.22"]
[SourceVersion "1"]
[SourceVersionDate "2012.11.22"]
[SourceQuality "1"]

1. d4 d5 2. c4 e6 3. Nc3 f5 4. cxd5 exd5 5. Nf3 c6 6. Bf4 Bd6 7. Qd2 Nf6 8. g3 0-0 9. Bg2 Na6 10. 0-0 Be6 11. Ng5 Nc7 12. Nxe6 Nxe6 13. Bxd6 Qxd6 14. e3 Rae8 15. Rac1 Kh8 16. Rc2 g5 17. Rd1 Ne4 18. Qd3 g4 19. Qe2 Rg8 20. f3 Nxc3 21. bxc3 f4 22. e4 gxf3 23. Qxf3 Ng5 24. Qxf4 Nh3+ 25. Bxh3 Qxf4 0-1

[Event "Graz-ch"]
[Site "Graz"]
[Date "2011.01.15"]
[Round "5"]
[White "Schrank, Manfred"]
[Black "Schink, Barbara"]
[Result "1/2-1/2"]
[WhiteElo "1846"]
[BlackElo "2028"]
[PlyCount "35"]
[EventDate "2011.01.07"]
[EventType "swiss"]
[EventRounds "7"]
[EventCountry "AUT"]
[SourceTitle "CBM 140 Extra"]
[Source "ChessBase"]
[SourceDate "2011.03.01"]
[SourceVersion "1"]
[SourceVersionDate "2011.03.01"]
[SourceQuality "1"]

1. d4 d5 2. c4 e6 3. Nc3 c6 4. Nf3 Nf6 5. e3 Nbd7 6. Be2 Bd6 7. Qc2 0-0 8. 0-0 b6 9. cxd5 exd5 10. e4 dxe4 11. Nxe4 Qc7 12. Nxd6 Qxd6 13. Bg5 Bb7 14. Qf5 Rfe8 15. Bc4 Nd5 16. Bxd5 Qxd5 17. Qxd5 cxd5 18. Rfe1 1/2-1/2